UFO 50 Games - Statistics

General Stats
  • This quiz has been taken 29 times
  • The average score is 37 of 50
Answer Stats
Answer % Correct
Barbuta
92%
Magic Garden
92%
Pilot Quest
92%
Block Koala
85%
Bug Hunter
85%
Grimstone
85%
Mooncat
85%
Paint Chase
85%
Pingolf
85%
Waldorf's Journey
85%
Attactics
77%
Bushido Ball
77%
Campanella
77%
Campanella 2
77%
Combatants
77%
Devilition
77%
Divers
77%
Fist Hell
77%
Golfaria
77%
Mini & Max
77%
Mortol
77%
Mortol II
77%
Ninpek
77%
Party House
77%
The Big Bell Race
77%
Velgress
77%
Warptank
77%
Avianos
69%
Camouflage
69%
Campanella 3
69%
Caramel Caramel
69%
Cyber Owls
69%
Hot Foot
69%
Hyper Contender
69%
Kick Club
69%
Onion Delivery
69%
Porgy
69%
Rail Heist
69%
Rock On! Island
69%
Star Waspir
69%
Valbrace
69%
Night Manor
62%
Planet Zoldath
62%
Quibble Race
62%
Seaside Drive
62%
Vainger
62%
Lords of Diskonia
54%
Overbold
54%
Elfazar's Hat
46%
Rakshasa
46%
No matching quizzes found
Score Distribution
Percent of People with Each Score
Percentile by Number Answered
Your Score History
You have not taken this quiz